00496 2200205 4500001002100000005001500021035001900036245004300055100001100098300003800109260003700147082000700184084001300191020002100204990001300225990001300238990001300251990001300264990001300277INLIS00000000000298220260409082459$a 0010-0426000073$a Keajaiban Tembok Besar Cina /$c Tim CBM$a Tim CBM$a 56 hlm : $b ilus ; $c 17.5 x 25 cm$a Bandung :$b PT Karya Kita,$c 2007$a 932$a 932 TIM k$a 978-979-9282-66-8$a 2511/2012$a 2512/2012$a 2513/2012$a 2514/2012$a 2515/2012